| 000 | 00492nam a2200157Ia 4500 | ||
|---|---|---|---|
| 008 | 230718s9999 xx 000 0 und d | ||
| 041 | _aeng | ||
| 082 |
_a620.106 _bRAJ |
||
| 100 |
_aRajput R.K. _9137180 |
||
| 245 |
_aTextbook Of Hydraulic Machines _bFluid Mechanics And Hydraulic Machines, Part-II |
||
| 260 |
_c2010 _bS. Chand And Company |
||
| 300 | _a1003 to 1373 | ||
| 365 |
_cRs. _b175.00 |
||
| 700 |
_aRajput R.K. _9137180 |
||
| 906 |
_dO:0078409-Apr-2010B:234102-Apr-2010 _cMECH _b262.5 |
||
| 999 |
_c324681 _d324681 |
||